| 000 | 00431nam a22001697a 4500 | ||
|---|---|---|---|
| 003 | SGT | ||
| 020 | _a9789386150714 | ||
| 082 |
_a519.5 _bB25B |
||
| 100 | _aBALI, JITENDDER | ||
| 245 | _aBASICS OF BIOSTATISTICS A MANUAL FOR MEDICAL PRACTITIONER | ||
| 250 | _a2ND | ||
| 260 |
_aINDIA _bJAYPEE PUB _c2025 |
||
| 300 | _a540 | ||
| 650 | _aRESEARCH | ||
| 653 | _a BIOSTATISTICS A MANUAL FOR MEDICAL PRACTITIONER | ||
| 942 |
_2ddc _cBK |
||
| 999 |
_c33648 _d33648 |
||